Geometrías no euclidianas / (Record no. 19818)

000 -CABECERA
fixed length control field 00927nam a22002417a 4500
003 - IDENTIFICADOR DEL NÚMERO DE CONTROL
control field AR-CdUCM
008 - DATOS DE LONGITUD FIJA--INFORMACIÓN GENERAL
fixed length control field 190522b ||||| |||| 00| 0 spa d
040 ## - FUENTE DE LA CATALOGACIÓN
Agencia/entidad que catalogó originalmente la obra MUNICIPALIDAD PROVINCIAL DEL CUSCO
Entidad que transcribió la catalogación BIBLIOTECA MUNICIPAL DEL CUSCO
082 ## - NÚMERO DE LA CLASIFICACIÓN DECIMAL DEWEY
No. de Clasificación 513.8 /
Notacion interna B72
100 ## - ENTRADA PRINCIPAL--NOMBRE DE PERSONA
Nombre Personal Bonola, Roberto :
245 ## - MENCIÓN DE TÍTULO
Título Geometrías no euclidianas /
260 ## - PUBLICACIÓN, DISTRIBUCIÓN, ETC.
Lugar de publicación, distribución, etc. España :
Nombre de la editorial, distribuidor, etc. Calpe,
Fecha de publicación, distribución, etc. 1923.
300 ## - DESCRIPCIÓN FÍSICA
Nº de Páginas Extensión 232 páginas ;
Dimensiones 26 cm.
440 ## - MENCIÓN DE SERIE/PUNTO DE ACCESO ADICIONAL--TÍTULO
Título Biblioteca de ideas del siglo XX
9 (RLIN) 41441
505 ## - NOTA DE CONTENIDO CON FORMATO
Nota de contenido formateada Contenido: Las demostraciones del V postulado euclidiano -- Los precursores de la geometría no euclidiana -- los fundadores de a geometría no euclidiana ...
650 ## - PUNTO DE ACCESO ADICIONAL DE MATERIA--TÉRMINO DE MATERIA
Descriptor Geometria no euclidiana
9 (RLIN) 41442
650 ## - PUNTO DE ACCESO ADICIONAL DE MATERIA--TÉRMINO DE MATERIA
Descriptor Historia de la geometria
9 (RLIN) 41443
650 ## - PUNTO DE ACCESO ADICIONAL DE MATERIA--TÉRMINO DE MATERIA
Descriptor Fundamentos de la geometria
9 (RLIN) 41444
700 ## - PUNTO DE ACCESO ADICIONAL--NOMBRE DE PERSONA
Nombre Personal Luis Gutiérrez Del Arroyo (traductor)
9 (RLIN) 41445
942 ## - ELEMENTOS DE PUNTO DE ACCESO ADICIONAL (KOHA)
Fuente de clasificación
Tipo de item Libros-BMC
945 ## - PROCESAMIENTO DE INFORMACIÓN LOCAL (OCLC)
Catalogador Andy
AAAA-MM-DD - Fecha de ingreso o modificacion 2019-05-22
Holdings
Estado de retiro (separado) Fuente de clasificación o esquema de estanterías Estado dañado Ubicación Sala donde se ubica Nombre de la colección Fecha de adquisición o compra Costo, precio normal en soles Signatura topográfica Código de Barras Última vez visto (Koha) Tipo de ítem (Koha)
No     Sala Ciencias Sala Ciencias Book Cart 2019-05-22 20.00 513.8 / B72 SC0000001849 2019-05-22 Libros-BMC

Powered by Koha